000 00950cam a2200193 4500
001 WB3927-12
008 030717n2003 000 0 eng u
035 _a(Sirsi) u123055
245 _aFinancial management of council homes reviewed
260 _c2003
490 _aODPM News Release
_v(2003/0140) 17 July 2003 (2)
520 _aConsultation paper "The allocation of management and maintenance allowances within housing revenue account subsidy" proposes changes to the way councils receive funding from the government to run their housing. It is aimed to improve the fairness and effectiveness of allocation of £3bn of resources. Councils must respond by 15 October 2003. More information is available from t +44 (0)20 7944 4400. http://www.odpm.gov.uk/pns/DisplayPN.cgi?pn_id=2003_0140
590 _aWB
650 _aHOUSING FINANCE
650 _aHOUSING REVENUE ACCOUNTS
650 _aSOCIAL HOUSING
690 _aHOUSING
942 _n0
999 _c73068
_d73068